| 000 | 00965nas a2200349 4500 | ||
|---|---|---|---|
| 001 | BR2010003628 | ||
| 003 | BR-BrBNA | ||
| 005 | 20231205114610.0 | ||
| 007 | ta | ||
| 008 | 230509b bl.|||p| |||| 00| 00por d | ||
| 040 |
_aBR-BrBNA _bpor _cBiblioteca Nacional de Agricultura |
||
| 041 | _a(Pt) | ||
| 072 | _aL51; L50 | ||
| 100 | 1 | _aRetore, M. | |
| 100 | 1 | _aSilva, L.P. da | |
| 100 | 1 | _aToledo, G.S.P. de | |
| 100 | 1 | _aAraújo, I.G. | |
| 245 | 1 | _aFontes de fibra de coprodutos agroindustriais protéicos para coelhos em crescimento | |
| 650 | _aCOELHO | ||
| 650 | _aCRESCIMENTO | ||
| 650 | _aDIGESTIBILIDADE | ||
| 650 | _aDIETA | ||
| 650 | _aANÁLISE QUÍMICA | ||
| 650 | _aFENO | ||
| 650 | _aALFAFA | ||
| 650 | _aFARELO | ||
| 650 | _aLINHAÇA | ||
| 650 | _aFIBRA | ||
| 773 | 0 |
_tCiência Rural (Brazil) _xISSN 0103-8478 _g(Apr 2010), v. 40(4) p. 963-969 _wBR2010003628 |
|
| 909 |
_a202311 _bLúcia _c55 _dLúcia Elande |
||
| 942 |
_2AGRIS _n0 _cANA |
||
| 999 |
_c209497 _d209497 |
||